LEADER 01299nam0-2200337---450- 001 990008613850403321 005 20080211112210.0 035 $a000861385 035 $aFED01000861385 035 $a(Aleph)000861385FED01 035 $a000861385 100 $a20080211d1979----km-y0itay50------ba 101 0 $aeng 102 $aNL 105 $a--------001yy 200 1 $aPhysiology and control of parturition in domestic animals$ea symposium held from 25 to 28 February 1979 at the Institut für Tierzucht und Tierverhalten der Bundesforschungsanstalt für Landwirtschaft Braunschweig-Volkenrode, Mariensee ...$fedited by F. Ellendorff, M. Taverne, D. Smidt 210 $aAmsterdam [etc.]$cElsevier scientific publishing co.$d1979 215 $aXII, 348 p.$d25 cm 225 1 $aDevelopments in animal and veterinary sciences 610 0 $aAnimali domestici$aGravidanza e parto$aAspetti fisiologici$aCongressi 610 0 $aOstetricia veterinaria$aCongressi 702 1$aEllendorff,$bFranz 702 1$aSmidt,$bDiedrich 702 1$aTaverne,$bMarcel 801 0$aIT$bUNINA$gRICA$2UNIMARC 901 $aBK 912 $a990008613850403321 952 $aIX B 11$b1378$fFMVBC 959 $aFMVBC 996 $aPhysiology and control of parturition in domestic animals$976595 997 $aUNINA LEADER 01219nam a2200289 i 4500 001 991001056129707536 008 110211s2008 it b 001 0 ita d 020 $a8814143552 (v. 2) 020 $a8814143544 (v. 1) 035 $ab13953667-39ule_inst 040 $aDip.to Studi Giuridici$bita 082 0 $a343.0999$222 100 1 $aZiccardi, Giovanni,$d1969-$0179760 245 10$aInformatica giuridica /$cGiovanni Ziccardi 260 $aMilano :$bGiuffrè,$c2008 300 $a2 v. ;$c24 cm 505 0 $gV. 1.:$tControcultura, informatica giuridica, libertà del software e della sicurezza 505 0 $gV. 2.:$tPrivacy, sicurezza informatica, computers forensics e investigazioni digitali 650 04$aGiuscibernetica 650 04$aDiritto e informatica 907 $a.b13953667$b02-04-14$c11-02-11 912 $a991001056129707536 945 $aLE027 343.09 ZIC01.01$cT. 1$g1$i2027000246915$lle027$o-$pE35.00$q-$rl$s- $t0$u12$v9$w12$x0$y.i15257393$z22-04-11 945 $aLE027 343.09 ZIC01.01$cT. 2$g1$i2027000246908$lle027$o-$pE35.00$q-$rl$s- $t0$u19$v15$w19$x0$y.i1525740x$z22-04-11 996 $aInformatica giuridica$9252233 997 $aUNISALENTO 998 $ale027$b11-02-11$cm$da $e-$fita$git $h0$i0